000 00736cam a22002293a 4500
001 18911
003 PGUSA
005 20140828083412.0
008 060726s2006||||xxu|||||s|||||000 | eng d
040 _aPGUSA
_beng
042 _adc
050 4 _aQH301
100 1 _aWilson, Edmund B.
_q(Edmund Beecher),
_d1856-1939
245 1 0 _aBiology :
_bA lecture delivered at Columbia University in the series on Science, Philosophy and Art November 20, 1907
_h[electronic resource] /
_cEdmund B. Wilson
260 _bProject Gutenberg,
_c2006
506 _aPublic domain in the USA.
516 _aElectronic text
653 _aBiology
830 0 _aProject Gutenberg
_v18911
856 4 0 _uhttp://www.gutenberg.org/ebooks/18911
942 _cEB
999 _c248166
_d248166